[Event "DEN-ch sf3"]
[Site "Svendborg"]
[Date "2024.03.29"]
[Round "4"]
[White "Dithlevsen, Birgit"]
[Black "Rasmussen, Erling"]
[Result "0-1"]
[WhiteElo "1668"]
[BlackElo "1785"]
[PlyCount "88"]
[EventDate "2024.03.29"]
[EventType "swiss"]
[EventRounds "5"]
[EventCountry "DEN"]
[SourceTitle "CB16_2024"]
[SourceDate "2024.04.17"]
[SourceVersion "1"]
[SourceVersionDate "2024.04.17"]
[SourceQuality "1"]

1. e4 e5 2. Bc4 Nf6 3. d3 Bc5 4. Nf3 Nc6 5. c3 d5 6. exd5 Nxd5 7. 0-0 0-0 8. b4 Be7 9. h3 Bf6 10. Bb2 Nf4 11. a3 Be6 12. Bxe6 fxe6 13. d4 e4 14. Nfd2 Qd5 15. c4 Qg5 16. Qg4 Qxg4 17. hxg4 Nxd4 18. Ra2 Nde2+ 19. Kh2 Bxb2 20. Rxb2 Nd3 21. Rb3 Nxf2 22. Nc3 Nxg4+ 23. Kh3 Nf2+ 24. Kh2 Ng4+ 25. Kh3 Nf2+ 26. Kh2 Nd3 27. Rxf8+ Rxf8 28. Nxe2 Rf2 29. Ng3 Rxd2 30. Nxe4 Rd1 31. Kg3 e5 32. Nc3 Rf1 33. Nb5 e4 34. Nxc7 e3 35. Rxd3 e2 36. Rd8+ Kf7 37. Rd7+ Kg6 38. Rd6+ Kf5 39. Rd5+ Ke4 40. Kg4 e1Q 41. Ne6 Qe2+ 42. Kh3 Rh1+ 43. Kg3 Qe1+ 44. Kg4 Qh4# 0-1

[Event "DEN-ch sf3"]
[Site "Svendborg"]
[Date "2024.03.29"]
[Round "5"]
[White "Rasmussen, Erling"]
[Black "Christensen, Michael Leon"]
[Result "1-0"]
[WhiteElo "1785"]
[BlackElo "1834"]
[PlyCount "77"]
[EventDate "2024.03.29"]
[EventType "swiss"]
[EventRounds "5"]
[EventCountry "DEN"]
[SourceTitle "CB16_2024"]
[SourceDate "2024.04.17"]
[SourceVersion "1"]
[SourceVersionDate "2024.04.17"]
[SourceQuality "1"]

1. e4 c5 2. d4 cxd4 3. c3 dxc3 4. Nxc3 g6 5. Nf3 Bg7 6. Bc4 e6 7. Bf4 a6 8. Bd6 b5 9. Bd3 Bb7 10. 0-0 Qb6 11. e5 Nc6 12. Ne4 f5 13. Bc5 Qc7 14. Nd6+ Kd8 15. Nf7+ Ke8 16. Bd6 Qb6 17. Nxh8 Bxh8 18. Rc1 Nh6 19. Qd2 Nf7 20. Rfe1 Ncxe5 21. Bxe5 Bxf3 22. Bxh8 Nxh8 23. gxf3 Nf7 24. Qc3 Ke7 25. Qc5+ Qd6 26. Qxd6+ Nxd6 27. Rc7 Ne8 28. Rc3 Nf6 29. Rc5 Nd5 30. Rxd5 Rc8 31. Re2 d6 32. Rd4 e5 33. Rh4 h5 34. Rc2 Rh8 35. Rb4 d5 36. Rc6 g5 37. Rxa6 Rc8 38. Rxb5 Rc1+ 39. Kg2 1-0

[Event "DEN-ch G5-1 Gr2"]
[Site "Svendborg"]
[Date "2023.04.05"]
[Round "2"]
[White "Rasmussen, Erling"]
[Black "Nielsen, Angelo"]
[Result "0-1"]
[WhiteElo "1635"]
[BlackElo "1640"]
[PlyCount "38"]
[EventDate "2023.04.05"]
[EventType "swiss"]
[EventRounds "5"]
[EventCountry "DEN"]
[SourceTitle "CBM 213 Extra"]
[Source "ChessBase"]
[SourceDate "2023.05.31"]
[SourceVersion "1"]
[SourceVersionDate "2023.05.31"]
[SourceQuality "1"]

1. f4 b6 2. e4 Bb7 3. Nc3 e6 4. Nf3 Nf6 5. e5 Nd5 6. d4 Bb4 7. Bd2 Na6 8. Nxd5 Bxd2+ 9. Qxd2 exd5 10. Bd3 Qe7 11. 0-0 Nb4 12. Be2 c5 13. a3 Nc6 14. c3 c4 15. Rae1 0-0-0 16. f5 h6 17. Qf4 g5 18. fxg6 fxg6 19. Qf7 Qxf7 0-1

[Event "Fyn-ch"]
[Site "Odense"]
[Date "2010.02.18"]
[Round "4"]
[White "Dyrgaard, Kristoffer"]
[Black "Rasmussen, Erling"]
[Result "1-0"]
[WhiteElo "2197"]
[BlackElo "1914"]
[PlyCount "84"]
[EventDate "2010.01.14"]
[EventType "swiss"]
[EventRounds "7"]
[EventCountry "DEN"]
[SourceTitle "EXT 2018"]
[Source "ChessBase"]
[SourceDate "2017.10.13"]
[SourceVersion "1"]
[SourceVersionDate "2017.10.13"]
[SourceQuality "1"]

1. e4 e5 2. Bc4 Bc5 3. Nc3 d6 4. d3 Be6 5. Bb3 Nc6 6. Na4 Nd4 7. Nxc5 dxc5 8. f4 Qd6 9. fxe5 Qxe5 10. Nf3 Qh5 11. Bxe6 fxe6 12. 0-0 Nf6 13. Bf4 0-0-0 14. Bg3 c4 15. Nxd4 Rxd4 16. Qxh5 Nxh5 17. Be5 Rd7 18. dxc4 Rhd8 19. Bc3 g6 20. g3 Ng7 21. Bf6 Rg8 22. Rad1 Rxd1 23. Rxd1 Nh5 24. Be5 Ng7 25. Rf1 Ne8 26. c5 h6 27. Rf7 Kd8 28. Kf2 g5 29. g4 Rg6 30. Ke3 h5 31. gxh5 Rh6 32. b4 Rxh5 33. a4 Rh3+ 34. Bg3 a5 35. b5 Rh6 36. b6 cxb6 37. cxb6 Kc8 38. Re7 Nf6 39. Rc7+ Kd8 40. Rxb7 Nd7 41. Rxd7+ Kxd7 42. b7 Rh8 1-0

[Event "Fyn-ch"]
[Site "Odense"]
[Date "2010.02.04"]
[Round "3"]
[White "Rasmussen, Erling"]
[Black "Bove Quist, Viggo"]
[Result "0-1"]
[WhiteElo "1914"]
[BlackElo "2165"]
[PlyCount "60"]
[EventDate "2010.01.14"]
[EventType "swiss"]
[EventRounds "7"]
[EventCountry "DEN"]
[SourceTitle "EXT 2018"]
[Source "ChessBase"]
[SourceDate "2017.10.13"]
[SourceVersion "1"]
[SourceVersionDate "2017.10.13"]
[SourceQuality "1"]

1. f4 c5 2. Nf3 Nf6 3. d3 d5 4. c3 Nc6 5. Qc2 g6 6. e4 dxe4 7. dxe4 Bg7 8. Bd3 0-0 9. e5 Nd5 10. 0-0 Ndb4 11. cxb4 Nxb4 12. Qxc5 Nxd3 13. Qe3 Nxc1 14. Rxc1 Bg4 15. Nc3 Qa5 16. h3 Bxf3 17. Qxf3 Qb4 18. b3 Rfd8 19. Rd1 e6 20. Ne4 Rd4 21. a3 Qb6 22. Kh2 Rad8 23. Nd6 R4xd6 24. exd6 Bxa1 25. Rxa1 Qxd6 26. Qxb7 Qxf4+ 27. Kh1 a5 28. Qa6 Qd4 29. Rf1 Qd5 30. Qb7 Qxb7 0-1

[Event "Fyn-ch"]
[Site "Odense"]
[Date "2010.01.28"]
[Round "2"]
[White "Moestrup, Jorn"]
[Black "Rasmussen, Erling"]
[Result "0-1"]
[WhiteElo "2112"]
[BlackElo "1914"]
[PlyCount "79"]
[EventDate "2010.01.14"]
[EventType "swiss"]
[EventRounds "7"]
[EventCountry "DEN"]
[SourceTitle "EXT 2018"]
[Source "ChessBase"]
[SourceDate "2017.10.13"]
[SourceVersion "1"]
[SourceVersionDate "2017.10.13"]
[SourceQuality "1"]

1. Nf3 f5 2. d4 Nf6 3. g3 d5 4. Bg2 e6 5. c4 Bb4+ 6. Bd2 Qe7 7. Qa4+ Nc6 8. Ne5 Bxd2+ 9. Nxd2 Bd7 10. Nxd7 Qxd7 11. e3 0-0 12. 0-0 Ne7 13. Qxd7 Nxd7 14. Rfc1 c6 15. b4 Nf6 16. a4 Ne4 17. Nb3 dxc4 18. Nc5 Nd6 19. b5 cxb5 20. axb5 Kf7 21. Bxb7 Rab8 22. Bf3 Rxb5 23. Rxa7 Rfb8 24. Raa1 Nd5 25. Nd7 Rc8 26. Ra7 Rc7 27. Ne5+ Kf6 28. Rxc7 Nxc7 29. Nxc4 Nxc4 30. Rxc4 Ne8 31. Rc6 Ke7 32. h4 Nd6 33. Kg2 Rb8 34. g4 Rc8 35. Ra6 fxg4 36. Bxg4 Rf8 37. Ra7+ Kf6 38. f3 Rf7 39. e4 Rxa7 40. e5+ 0-1

[Event "Fyn-ch"]
[Site "Odense"]
[Date "2008.03.06"]
[Round "6"]
[White "Hamann, Brian Michael"]
[Black "Rasmussen, Erling"]
[Result "0-1"]
[WhiteElo "1687"]
[BlackElo "1648"]
[PlyCount "40"]
[EventDate "2008.01.10"]
[EventType "swiss"]
[EventRounds "7"]
[EventCountry "DEN"]
[SourceTitle "EXT 2018"]
[Source "ChessBase"]
[SourceDate "2017.10.13"]
[SourceVersion "1"]
[SourceVersionDate "2017.10.13"]
[SourceQuality "1"]

1. e4 e5 2. Nf3 Nc6 3. Bb5 f5 4. Bxc6 dxc6 5. Nxe5 Qd4 6. Qh5+ g6 7. Nxg6 hxg6 8. Qxg6+ Kd8 9. exf5 Qe4+ 10. Kf1 Bxf5 11. Qf7 Qxc2 12. Qxf8+ Kd7 13. Qg7+ Ne7 14. Nc3 Qd3+ 15. Ne2 Rae8 16. Qd4+ Nd5 17. Qxd3 Bxd3 18. Kg1 Rxe2 19. h3 Rf8 20. f3 Nf4 0-1

[Event "Fyn-ch"]
[Site "Odense"]
[Date "2008.01.31"]
[Round "3"]
[White "Rasmussen, Erling"]
[Black "Furrer, Christian"]
[Result "1-0"]
[WhiteElo "1648"]
[BlackElo "1147"]
[PlyCount "35"]
[EventDate "2008.01.10"]
[EventType "swiss"]
[EventRounds "7"]
[EventCountry "DEN"]
[SourceTitle "EXT 2018"]
[Source "ChessBase"]
[SourceDate "2017.10.13"]
[SourceVersion "1"]
[SourceVersionDate "2017.10.13"]
[SourceQuality "1"]

1. e4 c5 2. Nf3 d6 3. Bb5+ Bd7 4. Qe2 g6 5. Bxd7+ Qxd7 6. 0-0 Nc6 7. Nc3 Nf6 8. d3 e6 9. Be3 Be7 10. Rad1 0-0 11. d4 cxd4 12. Bxd4 Nxd4 13. Rxd4 e5 14. Nxe5 Qe6 15. Nc4 Rac8 16. Rfd1 Rfd8 17. Qd3 Rc6 18. Nd5 1-0